| Tag |
First Indicator |
Second Indicator |
Subfields |
| LEADER |
00000cam a2200000Ma 4500 |
| 001 |
in00003554449 |
| 006 |
m o d |
| 007 |
cr |n||||||||| |
| 008 |
980713s1998 gw a ob 000 0 eng d |
| 005 |
20260420212109.3 |
| 010 |
|
|
|a 98034600
|
| 020 |
|
|
|a 9783642589935 (electronic bk.)
|
| 020 |
|
|
|a 3642589936 (electronic bk.)
|
| 020 |
|
|
|z 3790811300
|
| 020 |
|
|
|z 9783790811308
|
| 035 |
|
|
|a (OCoLC)828775820
|
| 040 |
|
|
|a VT2
|b eng
|c VT2
|d OCLCO
|d UV0
|d GW5XE
|d OCLCF
|d OCLCO
|d UtOrBLW
|
| 049 |
|
|
|a TXAM
|
| 050 |
|
4 |
|a HJ9-9940
|
| 082 |
0 |
0 |
|a 336.3/4
|2 21
|
| 100 |
1 |
|
|a De Wolff, Jessica,
|d 1964-
|
| 245 |
1 |
4 |
|a The political economy of fiscal decisions :
|b the strategic role of public debt /
|c Jessica de Wolff.
|
| 264 |
|
1 |
|a Heidelberg :
|b Physica-Verlag ;
|a New York :
|b Springer-Verlag,
|c [1998]
|
| 264 |
|
4 |
|c ©1998
|
| 300 |
|
|
|a 1 online resource (xiv, 150 pages) :
|b illustrations
|
| 336 |
|
|
|a text
|b txt
|2 rdacontent
|
| 337 |
|
|
|a computer
|b c
|2 rdamedia
|
| 338 |
|
|
|a online resource
|b cr
|2 rdacarrier
|
| 490 |
1 |
|
|a Contributions to economics
|
| 500 |
|
|
|a Originally presented as the author's thesis (doctoral)-- Technical University Berlin, 1998.
|
| 504 |
|
|
|a Includes bibliographical references (pages [145]-150).
|
| 505 |
0 |
|
|a The Evolution of Public Debt -- Literature Survey: The Political Economy of the Government Budget -- Introduction to the Model -- The Model -- The Implications for Fiscal Policy -- Conclusions.
|
| 520 |
|
|
|a A ruling party decides each of two periods on the level of public goods which it finances by means of taxation and internal debt. The debt has to be honoured by the government of the second period. Between the two periods elections take place, which may change the ruling party. The book analyzes the fiscal decision of the first government which aims to maximize the long run utility of its representative voter. Conditions under which the government uses debt strategically in order to stay in power are identified. It is also shown how the fiscal decisions hinge on the populations' political structure and its beliefs about the future government.
|
| 500 |
|
|
|a Electronic resource.
|
| 650 |
|
0 |
|a Debts, Public
|x Mathematical models.
|
| 650 |
|
0 |
|a Fiscal policy
|x Mathematical models.
|
| 650 |
|
0 |
|a Debts, Public
|x Political aspects.
|
| 650 |
|
7 |
|a Debts, Public
|x Mathematical models.
|2 fast
|0 (OCoLC)fst00888872
|
| 650 |
|
7 |
|a Debts, Public
|x Political aspects.
|2 fast
|0 (OCoLC)fst00888873
|
| 650 |
|
7 |
|a Fiscal policy
|x Mathematical models.
|2 fast
|0 (OCoLC)fst00925817
|
| 655 |
|
7 |
|a Electronic books.
|2 local
|
| 710 |
2 |
|
|a SpringerLink (Online service)
|
| 830 |
|
0 |
|a Contributions to economics.
|
| 856 |
4 |
0 |
|u http://proxy.library.tamu.edu/login?url=https://link.springer.com/10.1007/978-3-642-58993-5
|z Connect to the full text of this electronic book
|t 0
|
| 994 |
|
|
|a 92
|b TXA
|
| 999 |
|
|
|a MARS
|
| 999 |
f |
f |
|s 08eaf692-b220-3ae8-b958-9a89f3b86825
|i 2891f2a7-f3d3-3394-865c-e8978c258c98
|t 0
|
| 952 |
f |
f |
|a Texas A&M University
|b College Station
|c Electronic Resources
|s www_evans
|d Available Online
|t 0
|e HJ9-9940
|h Library of Congress classification
|
| 998 |
f |
f |
|a HJ9-9940
|t 0
|l Available Online
|